Qui est le frère/la soeur de ce personnage de One Piece ? - Statistiques

Statistiques générales
  • Ce quiz a été pris 72 fois
  • Le résultat moyen est 11 sur 15
Statistiques - réponses
Question Personnage % Correct
Qui est le frère de Luffy ? Ace/Sabo
98%
Qui est le frère de Doflamingo ? Donquichotte Rossinante
90%
Qui est la soeur de Sanji ? Vinsmoke Reiju
87%
Qui est le frère de Shanks ? Figarland Shamrock
84%
Qui est la soeur de Nami ? Nojiko
82%
Qui est le frère le plus âgé de Pudding ? Charlotte Perospero
80%
Qui est le frère d'Hajrudin ? Loki
77%
Qui est la soeur de Momonosuke ? Kozuki Hiyori
75%
Qui est le frère d'Ulti ? Page One
75%
Qui est la plus jeune soeur de Boa Hancock ? Boa Marigold
72%
Qui est le frère de Caribou ? Coribou
69%
Qui est le plus âgé des frères de Shiraoshi ? Fukaboshi
62%
Qui est la soeur de Sugar ? Monet
62%
Qui est le frère de Sabo du côté de ses parents ? Stelly
48%
Qui est le frère de Sai ? Boo
43%
Aucun quiz correspondant
Distribution des résultats
% des personnes avec chaque résultat
Percentile par nombre de réponses
Votre historique - résultats
Vous n’avez pas pris ce quiz